00614 2200217 4500001002100000005001500021035002000036007000300056008004100059020002200100245004700122260006800169300002700237082001600264084002000280100002200300250002000322650002600342650001000368856001800378INLIS00000000000000620250710111909 a0010-0725000006ta250710 a 0 ind  a978-623-307-040-91 aDANIS :bSang Pemenang /cMuhammad Sanjaya aJakarta Timur :bBadan Pengembangan dan Pembinaan Bahasa,c2020 a28 :bilus. ;c29,7 cm a398.209 598 a398.209 598 DAN0 aSanjaya, Muhammad aCetakan Pertama 4aCerita anak-Indonesia 4aKomik aTBM AS SUHADA